000 00871nas a2200289 4500
001 BR2018000711
003 BR-BrBNA
005 20231205131300.0
007 ta
008 230509b bl.|||p| |||| 00| 00por d
040 _aBR-BrBNA
_bpor
_cBiblioteca Nacional de Agricultura
041 _a(Pt)
072 _aF60
100 1 _aLima, A.L. dos
100 1 _aLima, K. dos S.C.
100 1 _aGodoy, R.L. de O.
100 1 _aAraújo, L.M.
100 1 _aPacheco, S.
245 1 _aAplicação de baixas doses de radiação ionizante no fruto brasileiro tucumã (Astrocarium vulgare Mart.)
650 _aTUCUM
650 _aIRRADIAÇÃO
650 _aRAIO GAMA
650 _aCAROTENOIDE
773 0 _tActa Amazônica (Brazil)
_xISSN 0044-5967
_g(Sep 2011), v. 41(3) p. 377-382
_wBR2018000711
909 _a202311
_bLúcia
_c55
_dLúcia Elande
942 _2AGRIS
_n0
_cANA
999 _c253965
_d253965